Normal view
MARC view
- Zeh, H. D.
Entry Personal Name
001 - CONTROL NUMBER
- control field: 103805
003 - CONTROL NUMBER IDENTIFIER
- control field: NUST
005 - DATE AND TIME OF LATEST TRANSACTION
- control field: 20221130093541.0
008 - FIXED-LENGTH DATA ELEMENTS
- fixed length control field: 221130|| aca||aabn | a|a d
040 ## - CATALOGING SOURCE
- Original cataloging agency: NUST
- Transcribing agency: NUST
100 ## - HEADING--PERSONAL NAME
- Personal name: Zeh, H. D.
- Fuller form of name: (Heinz Dieter),
- Dates associated with a name: 1932-
670 ## - SOURCE DATA FOUND
- Source citation: Work cat.: (NUST)0: Zeh, H. D. (Heinz Dieter), 1932-, The physical basis of the direction of time / , c2007.
